Technická chémia /
Gespeichert in:
| 1. Verfasser: | |
|---|---|
| Format: | Buch |
| Sprache: | Slowakisch |
| Veröffentlicht: |
Bratislava :
Alfa,
1982
|
| Ausgabe: | 1.vyd. |
| Schlagworte: | |
| Tags: |
Keine Tags, Fügen Sie das erste Tag hinzu!
|
MARC
| LEADER | 00000nam a22000003a 4500 | ||
|---|---|---|---|
| 001 | stu37309 | ||
| 005 | 20150617225728.5 | ||
| 008 | 920708s1982----cs------------------slo-d | ||
| 040 | |a STU |b slo | ||
| 041 | 0 | |a slo | |
| 044 | |a cs | ||
| 080 | |a 54 | ||
| 080 | |a 62(075.8) | ||
| 100 | 1 | |a Jalůvka, Jaromír |4 aut | |
| 245 | 1 | |a Technická chémia / |c [aut.]Jaromír Jalůvka | |
| 250 | |a 1.vyd. | ||
| 260 | |a Bratislava : |b Alfa, |c 1982 | ||
| 300 | |a 177 s | ||
| 650 | 7 | |a Chémia technická |2 stusub | |
| 996 | |b 284M029467 |c M*S-434-1 |l MMKN |s A |a 24 |w stu37309_0001 | ||
| 996 | |b 284M029466 |c M*S-434-2 |l MMKN |s A |a 24 |w stu37309_0002 | ||
| 996 | |b 284M029465 |c M*S-434-3 |l MMKN |s A |a 24 |w stu37309_0003 | ||